00000000nam##2200000za#4500
0019.577555
003CaOODSP
00520210624185651
007cr |||||||||||
008150406|1982||||xxc|||||o    f|0| 0 eng|d
022 |a1488-5379
040 |aCaOODSP|beng
043 |an-cn---
0861 |aFs97-6/970E-PDF
1101 |aCanada. |bDepartment of Fisheries and Oceans.
24510|aBibliography of salmonid reproduction 1963 – 1979 for the family salmonidae – subfamilies salmoninae, coregoninae and thymallinae / |h[electronic resource]|cby C.G. Swann and Edward M. Donaldson.
260 |aWest Vancouver - British Columbia : |bFisheries and Oceans Canada |c1982.
300 |a116p.|breferences
4901 |aCanadian technical report of fisheries and aquatic sciences|x1488-5379|vNo. 970
500 |aOn t.p.: Resource Services Branch, West Vancouver, B.C. The catalogue number and ISSN for the print edition appear in the PDF version.
546 |a(Résumé en français)
590 |a13-24-Supp|b2013-10-18
7201 |aSwann, C. G.
7201 |aDonaldson, Edward M.
830#0|aCanadian technical report of fisheries and aquatic sciences,|x1488-5379|vNo. 970|w(CaOODSP)9.504449
85640|ahttp://publications.gc.ca|qPDF|s24,615 KB|uhttps://publications.gc.ca/collections/collection_2013/mpo-dfo/Fs97-6-970-eng.pdf|yNo. 970